000 00356nam a2200145Ia 4500
005 20251222143309.0
008 251222s9999||||xx |||||||||||||| ||spa||
020 _a978-964-2824-38-0
082 _a298.2/Y14
100 _aYafar Subhani, Aiatul lah
245 0 _aLa Historia de Mahoma (PB):
250 _a2a.ed.
264 _bElhame Shargh
942 _cLIB
999 _c15627
_d15627